000 01086nam a2200313ua 4500
001 C01352199c-3
003 CO-ViMGA
005 20230915233612.0
008 120706s2012 ck a gr 00010 spa d
020 _a9789583042812
040 _aCO-ViMGA
_bspa
_cCO-ViMGA
082 0 4 _a609
_221 ed.
_bW24i
100 1 _aWeis, Roland.
_93625
245 1 0 _aInventos /
_cRoland Weis ; ilustraciones de Hauke Kock, Frank Kliemt ; traducción Paula Botero, Olga Martín.
250 _aEditor César A. Cardozo Tovar.
260 3 _aBogotá :
_bPanamericana Editorial,
300 _a48 p. ;
_c28 cm.
490 1 _aCómo y por qué
500 _aIncluye índice.
534 _pTítulo original. :
_tErfindungen.
650 1 4 _aHistoria de los inventos
_v Literatura juvenil.
_93626
650 1 4 _aTecnología
_x Historia
_v Literatura juvenil.
_93627
700 1 _aBotero, Paula,
_etr.
_93630
700 1 _aCardozo Tovar, César A.,
_eed.
_93632
700 1 _aKliemt, Frank,
_eil.
_93629
700 1 _aKock, Hauke,
_eil.
_93628
700 1 _aMartín, Olga,
_etr.
_93631
942 _2ddc
_cBK
999 _c37305
_d37305